000 00560nam a2200217Ia 4500
003 OSt
005 20140403140734.0
008 140130s9999 xx 000 0 und d
020 _a043923820x
050 _aPZ 7
_b.J429877Fvw 2001
100 _aBourgeois, Paulette
_923066
245 _cBourgeois, Paulette
_aFranklin's thanksgiving /
260 _bScholastic,
_aNew York :
_c2001.
300 _a1 v. (unpaged) :
_bcol. ill. ;
_c23 cm.
440 _v1
_930792
521 _aG2
526 _c310
942 _cBK
_2lcc
999 _c40142
_d40142